| 000 | 00850nam a22002295i 4500 | ||
|---|---|---|---|
| 001 | 178482 | ||
| 003 | ES-MaACL | ||
| 005 | 20250902030434.0 | ||
| 008 | 110602s1970 sp |||| | spa d | ||
| 080 | _a334.73:63 | ||
| 080 | _a63:334.73 | ||
| 100 | 1 |
_aCarbonell de Masy, Rafael. _9146886 |
|
| 245 | 1 | 0 |
_aComercialización cooperativa agraria _b: (experiencias extranjeras) / _cpor Rafael Carbonell de Masy. |
| 260 |
_aMadrid : _bICE, _cD. L. 1970. |
||
| 300 |
_aXII, 224 p. ; _c24 cm. |
||
| 490 | 1 |
_aSelecciones de economía de la empresa. Serie B : Técnicas de gestión ; _v9 |
|
| 504 | _aBibliografía. | ||
| 650 | 0 | 4 |
_aProductos agrícolas- _xComercialización cooperativa. _9146888 |
| 830 | 0 | 0 |
_aSelecciones de economía de la empresa (ICE) _v9 _9190989 |
| 852 |
_aES-MaACL _jE-15232 _xOlim P-1278 |
||
| 999 |
_c178482 _d178482 |
||